The Global Corporation : The Decolonization of International Business /

Spremljeno u:
Bibliografski detalji
Glavni autor: Mourdoukoutas, Panos (autor)
Format: Knjiga
Jezik:engleski
Izdano: Westport, EUA : Quorum, 1999, c1999
Teme:
Oznake: Dodaj oznaku
Bez oznaka, Budi prvi tko označuje ovaj zapis!

MARC

LEADER 00000nam^a2200000^a^4500
001 000169761
005 20250521000000.0
009 20260310101246.186
020 |a 1-56720-241-1 
037 |a Acervo ITESO - Biblioteca 
041 |a ING 
082 |a 338. 88  |b MOU 
100 |a Mourdoukoutas, Panos  |e (autor) 
245 1 4 |a The Global Corporation :  |b The Decolonization of International Business /  |c P. Mourdoukoutas ; pról. de Ken Aoshima. 
264 4 |a Westport, EUA :  |b Quorum,  |c 1999, c1999 
300 |a XV, 141 p. 
336 |a texto  |b txt  |2 rdacontenido 
337 |a sin mediación  |b n  |2 rdamedio 
338 |a volumen  |b nc  |2 rdasoporte 
649 |a XX 
650 |a Transnacionales 
650 |a Competencia Internacional (Economía) 
650 |a Comercio Internacional 
650 |a Relaciones Internacionales 
650 |a Desarrollo Económico-Social 
650 |a Tecnologías de Comunicación e Información 
650 |a Globalización 
650 |a Economía Internacional 
910 |a Fondo General 
920 |a Impresos - Libros 
930 |a Colección General 
905 |a 101 
901 |a 0500106268  |b IT1  |c ACC  |u 20250521 
902 |a https://opac.biblio.iteso.mx/vufind/Record/000169761